000 00742cam a2200265 4500
001 J95188
008 090401t1998 xxu||||| |||| 00| 0 eng d
035 _a(Sirsi) u89829
041 _aeng
050 _a306
110 _aChartered Institute of Housing
_92394
245 _aGood practice briefing. - Issue 14 (October 1998). Neighbour nuisance : new initiatives.
260 _aCoventry
_bChartered Institute of Housing
_c1998
300 _a19p. : ill. ; 30cm.
350 _a10
490 _aCIH Good Practice Briefing
_v14
650 _aGOOD PRACTICE BRIEFING
650 _aHARASSMENT
650 _aNEIGHBOUR NUISANCE
650 _aNEIGHBOURS
650 _aTENANTS
690 _aHOUSING
942 _n0
948 _c19/11/1998
999 _c97506
_d97506